000 00706nam a2200229 i 4500
001 105637
003 ES-MaACL
005 20230906183934.0
007 t|
008 060801s1964 fr ||||1| fre d
080 _a331.107.8(497.1)
100 1 _aMeister, Albert.
_979856
245 1 0 _aSocialisme et autogestion
_b: l'expérience yugoslave /
_cAlbert Meister.
260 _aParis :
_bEditions du Seuil,
_c[1964]
300 _a398 p. ;
_c21 cm.
490 1 _aEsprit. Frontière ouverte
500 _aBiblioteca Juan Andrade.
650 _aAutogestión-
_zYugoslavia.
_910432
830 0 _aEsprit. Frontière ouverte
_9232756
852 _aES-MaACL
_jAND-450
_bR.109754
999 _c105637
_d105637